000 00429pam a2200157 a 4500
020 _a9781405161114
_c
041 _h
082 _a618
_bEDM
100 _aEDMONDS D,K.
245 _aDEWHURST`S TEXT BOOK OF OBSTETRICS & GYNAECOLOGY /
_cNULL.
_hTextual Documents
250 _a7 ED /
_b.
260 _aNULL :
_bOXFORD, BLACKWELL ,
_c2007.
300 _a717 : :
_bXIII ; ;
_cA4 . +
_ePB.
930 _a2484
999 _c797019
_d797019
650 _aOBST.GYNE